| 000 | 00771nam a2200241 i 4500 | ||
|---|---|---|---|
| 001 | 88089 | ||
| 003 | ES-MaACL | ||
| 005 | 20230906175812.0 | ||
| 007 | t| | ||
| 008 | 050103s1965 sp ||||1| spa d | ||
| 100 | 1 |
_aLafourcade, Agustín. _969521 |
|
| 245 | 1 | 3 |
_aEl factor humano en la empresa / _cAgustín Lafourcade. |
| 260 |
_aMadrid : _bEdiciones del Movimiento, _c[1965] |
||
| 300 |
_a120 p. ; _c22 cm. |
||
| 490 | 1 | _aNuevo horizonte. Temas de colaboración | |
| 650 | 0 | 0 |
_aCultura de la organización. _911521 |
| 650 | 0 | 0 |
_aDirección de personal. _911922 |
| 710 | 2 |
_aEdiciones del Movimiento. _9171800 |
|
| 830 | 1 |
_aNuevo horizonte. Temas de colaboración _9184053 |
|
| 852 |
_aES-MaACL _jC-28125 |
||
| 852 |
_aES-MaACL _jE-6806 |
||
| 999 |
_c88089 _d88089 |
||